|
|
|
|
| LEADER |
00000ny a22000003n 4500 |
| 005 |
20050806082321.0 |
| 008 |
030822c20039999us tr p g 0 a0eng d |
| 010 |
|
|
|a 2003215455
|
| 022 |
0 |
|
|a 1546-1483
|
| 035 |
|
|
|a 1695
|
| 040 |
|
|
|a NSDP
|c NSDP
|d vLex
|
| 050 |
0 |
0 |
|a K3
|b .A693
|
| 050 |
0 |
0 |
|a K3
|b .A693
|
| 082 |
1 |
0 |
|a 340
|2 13
|
| 090 |
|
|
|c 1497
|d 1497
|
| 245 |
3 |
0 |
|a Cardozo public law, policy, and ethics journal
|h [Recurso electrn̤ico]
|
| 246 |
3 |
0 |
|a Public law, policy, and ethics journal
|
| 246 |
3 |
0 |
|a Cardozo public law, policy & ethics journal
|
| 246 |
3 |
0 |
|a Cardozo public law and ethics journal
|
| 256 |
|
|
|a Servicio en ln̕ea
|
| 260 |
|
|
|a New York, N.Y. :
|b Benjamin N. Cardozo School of Law
|
| 310 |
|
|
|a Three no. a year,
|b 2004/2005-
|
| 321 |
|
|
|a Two no. a year,
|b 2003/2004
|
| 506 |
1 |
|
|a Contenido solo disponible en los productos indicados
|d vLex Global
|d vLex Global (Academic Edition, excluding Law Schools)
|d vLex Global (U.S. Academic Edition, Law Schools)
|d vLex Global (U.S. Academic Edition, excluding Law Schools)
|d vLex Global (Academic Edition, Law Schools)
|
| 650 |
0 |
4 |
|a Derecho pb︢lico
|z Estados Unidos
|x Publicaciones perid̤icas
|
| 650 |
0 |
4 |
|a Derecho y moral
|z Estados Unidos
|x Publicaciones perid̤icas
|
| 650 |
0 |
4 |
|a Orden pb︢lico
|z Estados Unidos
|x Publicaciones perid̤icas
|
| 710 |
2 |
|
|a Benjamin N. Cardozo School of Law
|
| 740 |
0 |
|
|a vLex Revista (Servicios en ln̕ea)
|
| 843 |
|
|
|a Electrn̤ica. Abierta
|
| 853 |
|
|
|8 1
|i (year)
|j (month)
|k (day)
|
| 856 |
4 |
0 |
|z Acceso restringido
|u http://vlex.com/source/cardozo-public-law-policy-ethics-journal-1695
|
| 942 |
|
|
|c REV
|
| 999 |
|
0 |
|a Legal ethics
|z United States
|v Periodicals.
|
| 999 |
|
0 |
|a Public law
|z United States
|v Periodicals.
|
| 999 |
|
0 |
|a Public policy (Law)
|z United States
|v Periodicals.
|